000 00586nam a2200241 a 4500
001 0001-1029
003 ELIB.Books
008 141110 2010 eng
020 _a0907407757
035 _a(ELIB.Books)0001-1183
092 _a572
_bHar
100 _aElizabeth, Hardy
245 _a1000 Questions and Answers
260 _aLondon
_bLynx Press
_c1974
300 _a400
_c21 Cm
500 _aLibrary
650 _aAnthropology
856 _nKBTS; Library
_uKBTS; Elib.
942 _2ddc
_cBK
990 _a1
998 _cbat
_e2014-11-10
999 _c11029
_d11029